=LDR 00000nam 2200000 4500 =001 INLIS000000000031720 =005 20130612133757 =008 ***********************************ind** =035 ##$$a0010-061300000031720 =041 ##$$a ind =082 ##$$a 372.72 =090 ##$$a 372.72, Kha r =100 ##$$a KHALIMI, Toni =245 ##$$a Panduan Olimpiade Matematika, Toni Khalimi =260 ##$$a 2007 $b Jakarta =300 ##$$a iii,113 Hlm., Ilus., 25 cm =650 ##$$a MATEMATIKA-PENDIDIKAN DASAR-OLIMPIADE =850 ##$$a NBPNMAT =990 ##$$a 0001/BPAP-NTB/20142014